| 000 | 00466nam a2200169Ia 4500 | ||
|---|---|---|---|
| 008 | 150610s9999 xx 000 0 und d | ||
| 020 | _a0 439692423 | ||
| 050 |
_aPZ7 _b.D7575Wi 2003 |
||
| 100 | _aDowner, Ann, 1960- | ||
| 245 |
_aHatching magic / _cAnn Downer. |
||
| 260 |
_aNew York : _bScholastic, _c2003. |
||
| 300 |
_a242pages ; _c20 cm. |
||
| 520 | _aFiction. | ||
| 650 |
_aDragons _xFiction. |
||
| 650 |
_aMagic _bFiction. |
||
| 650 |
_aTime travel _xFiction. |
||
| 999 |
_c288050 _d288050 |
||